000 00306nam a22001337a 4500
008 181012b xxu||||| |||| 00| 0 eng d
020 _a0070050473
041 _aeng
080 _a574
100 _a9
101 _aMJE
245 _aThe Treatment of Industrial Wastes
_cBesselievre, E.B
942 _2udc
_cBK
999 _c49490
_d49490